Top 50 NBA Players of All Time - Statistics

General Stats
  • This quiz has been taken 45 times
  • The average score is 17 of 50
Answer Stats
Ranking Retired Player % Correct
1 2003 Michael Jordan
100%
2 Current LeBron James
97%
3 1989 Kareem Abdul-Jabbar
88%
7 1992 Larry Bird
85%
10 2016 Kobe Bryant
82%
4 1996 Magic Johnson
82%
12 Current Kevin Durant
79%
5 1973 Wilt Chamberlain
79%
8 2016 Tim Duncan
76%
6 1969 Bill Russell
74%
11 2011 Shaquille O'Neal
68%
16 Current Stephen Curry
65%
9 1974 Oscar Robertson
59%
13 2002 Hakeem Olajuwon
50%
18 Current Giannis Antetokounmpo
47%
17 2019 Dirk Nowitzki
44%
14 1987 Julius Erving
44%
29 Current Chris Paul
38%
19 1974 Jerry West
38%
50 Current James Harden
35%
15 1995 Moses Malone
35%
22 2000 Charles Barkley
29%
23 2004 Karl Malone
29%
20 1972 Elgin Baylor
26%
24 2003 John Stockton
26%
33 Current Kawhi Leonard
26%
21 2016 Kevin Garnett
26%
25 2003 David Robinson
24%
30 2018 Dwayne Wade
18%
32 2003 Scottie Pippen
18%
31 2009 Allen Iverson
15%
27 1994 Isiah Thomas
15%
28 1956 George Mikan
12%
34 1970 Bob Cousy
6%
36 1999 Dominique Wilkins
6%
43 2013 Jason Kidd
6%
37 2014 Steve Nash
6%
45 1986 Bob McAdoo
3%
42 2007 Gary Payton
3%
46 1974 Jerry Lucas
3%
39 1993 Kevin Mchale
3%
40 2002 Patrick Ewing
3%
41 1979 Walt Frazier
3%
44 1987 Bill Walton
0%
35 1965 Bob Pettit
0%
26 1978 John Havlichek
0%
49 1977 Nate Thurmond
0%
47 2014 Ray Allen
0%
38 1980 Rick Barry
0%
48 1981 Wes Unseld
0%
No matching quizzes found
Score Distribution
Percent of People with Each Score
Percentile by Number Answered
Your Score History
You have not taken this quiz